[Event "Dos Hermanas op"]
[Site "Dos Hermanas ESP"]
[Date "2000.04.08"]
[Round "2"]
[White "Palacios de la Prida, Ernesto"]
[Black "Spraggett, Kevin"]
[Result "1/2-1/2"]
[WhiteElo "2254"]
[BlackElo "2529"]
[PlyCount "88"]
[EventDate "2000.04.??"]
[EventType "swiss"]
[EventRounds "9"]
[EventCountry "ESP"]
[Source "ChessBase"]
[SourceDate "2000.05.11"]

1. d4 Nf6 2. Bf4 d6 3. Nc3 Nbd7 4. e4 e5 5. Bg3 c6 6. Nf3 Qc7 7. a4 Be7 8. Bc4
O-O 9. O-O a5 10. h3 h6 11. Qe2 Re8 12. Rad1 Bf8 13. dxe5 dxe5 14. Kh1 Nc5 15.
Rd2 b6 16. Rfd1 Nh5 17. Bh2 Nf4 18. Bxf4 exf4 19. Nd4 g6 20. f3 Bd7 21. Qf2 g5
22. b3 Bg7 23. Nce2 Rad8 24. c3 Be5 25. Nc1 Kg7 26. Nd3 Nxd3 27. Rxd3 Bf6 28.
Qc2 Bc8 29. R1d2 Rh8 30. Qd1 h5 31. e5 Bxe5 32. Nf5+ Bxf5 33. Rxd8 Rxd8 34.
Rxd8 Bf6 35. Re8 Bxc3 36. Qd8 Qxd8 37. Rxd8 Be5 38. Ra8 Kf6 39. Kg1 Bd6 40. Kf1
Ke5 41. Ke2 h4 42. Rd8 f6 43. Kd2 Bb4+ 44. Ke2 Bd6 1/2-1/2

[Event "Dos Hermanas op"]
[Site "Dos Hermanas ESP"]
[Date "2000.04.12"]
[Round "6"]
[White "Vassallo Barroche, Mauricio"]
[Black "Spraggett, Kevin"]
[Result "0-1"]
[WhiteElo "2404"]
[BlackElo "2529"]
[PlyCount "84"]
[EventDate "2000.04.??"]
[EventType "swiss"]
[EventRounds "9"]
[EventCountry "ESP"]
[Source "ChessBase"]
[SourceDate "2000.05.11"]

1. Nf3 e6 2. c4 Nf6 3. g3 c5 4. Bg2 a6 5. O-O Qc7 6. Nc3 d6 7. b3 Be7 8. Bb2
O-O 9. d4 cxd4 10. Nxd4 Nc6 11. Rc1 Nxd4 12. Qxd4 Bd7 13. Rfd1 Rfd8 14. h3 Bf8
15. Qf4 Rac8 16. g4 Qb8 17. g5 Ne8 18. Ne4 e5 19. Qg3 Be6 20. c5 dxc5 21. Bxe5
Qa7 22. Rxd8 Rxd8 23. g6 h6 24. gxf7+ Bxf7 25. Qe3 b6 26. Qg3 Qe7 27. Rc3 Qe6
28. Re3 Rd1+ 29. Kh2 Qd7 30. Bf3 b5 31. Bg4 Qc6 32. Bf3 Qg6 33. Qxg6 Bxg6 34.
Nc3 Rd2 35. Bc6 Nd6 36. Bxd6 Bxd6+ 37. Kg2 Bf8 38. a4 b4 39. Ne4 Rd4 40. Bb7 a5
41. Kf3 Bf7 42. Bc6 c4 0-1

[Event "Dos Hermanas op"]
[Site "Dos Hermanas ESP"]
[Date "2000.04.13"]
[Round "7"]
[White "Spraggett, Kevin"]
[Black "Kogan, Artur"]
[Result "1/2-1/2"]
[WhiteElo "2529"]
[BlackElo "2483"]
[PlyCount "68"]
[EventDate "2000.04.??"]
[EventType "swiss"]
[EventRounds "9"]
[EventCountry "ESP"]
[Source "ChessBase"]
[SourceDate "2000.07.27"]

1. d4 Nf6 2. c4 c5 3. d5 b5 4. cxb5 a6 5. bxa6 g6 6. Nc3 Bxa6 7. g3 Bg7 8. Bg2
d6 9. Nf3 Nbd7 10. Rb1 Qa5 11. Bd2 O-O 12. O-O Bb7 13. Qc2 Qa6 14. e4 e6 15.
dxe6 fxe6 16. b3 d5 17. exd5 exd5 18. Na4 Rac8 19. Rbe1 d4 20. Nb2 Ng4 21. Ng5
Bxg2 22. Kxg2 Nge5 23. f4 d3 24. Qb1 Qc6+ 25. Kh3 h6 26. Ne4 Qd5 27. fxe5 Nxe5
28. Bf4 Ng4 29. Nxd3 Qh5+ 30. Kg2 Qxh2+ 31. Kf3 Qh5 32. Kg2 Qh2+ 33. Kf3 Qh5
34. Kg2 Qh2+ 1/2-1/2

[Event "Dos Hermanas op"]
[Site "Dos Hermanas ESP"]
[Date "2000.04.14"]
[Round "8"]
[White "Gamundi Salamanca, Antonio"]
[Black "Spraggett, Kevin"]
[Result "1-0"]
[WhiteElo "2450"]
[BlackElo "2529"]
[PlyCount "133"]
[EventDate "2000.04.??"]
[EventType "swiss"]
[EventRounds "9"]
[EventCountry "ESP"]
[Source "ChessBase"]
[SourceDate "2000.05.11"]

1. c4 Nf6 2. Nf3 b6 3. g3 Bb7 4. Bg2 e6 5. O-O Be7 6. Nc3 O-O 7. d4 d5 8. Ne5
Na6 9. Bf4 c5 10. dxc5 Nxc5 11. Rc1 a5 12. cxd5 exd5 13. Nb5 Nfe4 14. f3 Ng5
15. Nd4 Nge6 16. Nec6 Qd7 17. Nxe7+ Qxe7 18. Be3 Nxd4 19. Bxd4 Rfe8 20. Rf2 Qd6
21. f4 Ne4 22. Bxe4 dxe4 23. e3 Rac8 24. Rfc2 Rxc2 25. Qxc2 Qe6 26. b3 f6 27.
Qc4 Qxc4 28. Rxc4 Bd5 29. Rc7 a4 30. bxa4 Ra8 31. g4 Rxa4 32. g5 Rc4 33. Re7
Rc6 34. gxf6 gxf6 35. a3 b5 36. Ra7 h5 37. f5 h4 38. Kg2 Rc2+ 39. Kh3 Rf2 40.
Kg4 Rxh2 41. Bxf6 h3 42. Rg7+ Kf8 43. Rh7 Rh1 44. Be5 Kg8 45. Rd7 Bc4 46. Kg5
Rg1+ 47. Kf6 Rg2 48. Rd8+ Kh7 49. Ke7 Rg8 50. Rd4 Ra8 51. Rxe4 Ra7+ 52. Kf6
Ra6+ 53. Kg5 Rxa3 54. Rh4+ Kg8 55. Rxh3 Kf7 56. Rh7+ Ke8 57. Bd4 Rd3 58. Rb7
Rd1 59. Kf6 Rh1 60. Bc5 Rh6+ 61. Kg5 Rh1 62. e4 Re1 63. Re7+ Kd8 64. e5 Rg1+
65. Kf6 Rh1 66. e6 Kc8 67. Re8+ 1-0

[Event "Dos Hermanas op"]
[Site "Dos Hermanas ESP"]
[Date "2000.04.15"]
[Round "9"]
[White "Spraggett, Kevin"]
[Black "Reinaldo Castineira, Roi"]
[Result "0-1"]
[WhiteElo "2529"]
[BlackElo "2345"]
[PlyCount "116"]
[EventDate "2000.04.??"]
[EventType "swiss"]
[EventRounds "9"]
[EventCountry "ESP"]
[Source "ChessBase"]
[SourceDate "2000.05.11"]

1. d4 e6 2. c4 c5 3. d5 exd5 4. cxd5 d6 5. Nc3 g6 6. e4 Bg7 7. Bd3 Nf6 8. Nge2
O-O 9. O-O a6 10. a4 Re8 11. f3 Nbd7 12. Rb1 Qc7 13. Kh1 c4 14. Bc2 Nc5 15. b4
cxb3 16. Bxb3 Nfd7 17. Be3 f5 18. Bd4 fxe4 19. Bxg7 exf3 20. Bd4 fxe2 21. Nxe2
Ne5 22. Ng3 b6 23. Qd2 Bd7 24. a5 Bb5 25. axb6 Qxb6 26. Ba2 Qd8 27. Rf4 Ncd3
28. Re4 Rf8 29. h3 Rc8 30. Kh2 Rf7 31. Bb3 Qc7 32. Rd1 Nc5 33. Rc1 Nxe4 34.
Rxc7 Nxd2 35. Rxc8+ Rf8 36. Rc3 Nxb3 37. Rxb3 Nc4 38. Rb1 Rf4 39. Bg1 Ne5 40.
Rc1 Bd3 41. Bb6 Nc4 42. Bc7 Rf7 43. Bd8 a5 44. Rd1 Bc2 45. Rd4 Bb3 46. Ne2 a4
47. Nc1 Rb7 48. Bf6 Ne3 49. Re4 Nxd5 50. Ba1 Bc2 51. Rd4 Rb1 52. Rxd5 Rxa1 53.
Ne2 Rd1 54. Ra5 Rd3 55. Kg1 a3 56. Kf2 Bd1 57. Nf4 Rd4 58. Ra8+ Kf7 0-1

[Event "Lisbon op"]
[Site "Lisbon POR"]
[Date "2000.11.21"]
[Round "4"]
[White "Spraggett, Kevin"]
[Black "Pina, Sulennis"]
[Result "1/2-1/2"]
[WhiteElo "2501"]
[BlackElo "2312"]
[PlyCount "120"]
[EventDate "2000.??.??"]
[EventType "swiss"]
[EventRounds "6"]
[EventCountry "POR"]
[Source "Mark Crowther"]
[SourceDate "2000.11.27"]

1. d4 Nf6 2. c4 d6 3. Nc3 Nbd7 4. e4 e5 5. Nf3 Be7 6. Be2 O-O 7. O-O c6 8. Re1
Re8 9. Bf1 h6 10. Rb1 Bf8 11. b4 a5 12. a3 axb4 13. axb4 exd4 14. Nxd4 Ne5 15.
h3 d5 16. exd5 cxd5 17. c5 Ne4 18. Bb2 Nc6 19. Nxe4 dxe4 20. Bc4 Qg5 21. Qb3
Qg6 22. Re3 Nxd4 23. Bxd4 Be6 24. Rbe1 Rad8 25. Bb2 f5 26. f3 Rd2 27. R1e2 Rxe2
28. Rxe2 Bxc4 29. Qxc4+ Kh7 30. fxe4 fxe4 31. Qd5 b6 32. Bd4 bxc5 33. bxc5 Be7
34. Qxe4 Qxe4 35. Rxe4 Bxc5 36. Rxe8 Bxd4+ 37. Kf1 Bf6 38. g4 Bh4 39. Ke2 Kg6
40. Re5 Bf6 41. Rb5 Bh4 42. Kd3 Bf6 43. Ke4 Bh4 44. Rb6+ Bf6 45. h4 Kh7 46. h5
Bc3 47. Kf5 Bd4 48. Rg6 Bc3 49. g5 hxg5 50. Kxg5 Bd2+ 51. Kf5 Bc1 52. Ke6 Bb2
53. Kf7 Bc3 54. Ke6 Bd4 55. Kf5 Bc3 56. h6 gxh6 57. Rc6 Bg7 58. Rc7 h5 59. Kg5
h4 60. Rc4 Bb2 1/2-1/2

[Event "Sevilla op"]
[Site "Sevilla ESP"]
[Date "2000.??.??"]
[Round "3"]
[White "Ramos Suria, Felix"]
[Black "Spraggett, Kevin"]
[Result "0-1"]
[WhiteElo "2172"]
[BlackElo "2529"]
[PlyCount "68"]
[EventDate "2000.??.??"]
[EventType "swiss"]
[EventRounds "9"]
[EventCountry "ESP"]
[Source "ChessBase"]
[SourceDate "2000.11.22"]

1. e4 c5 2. Nf3 e6 3. d4 cxd4 4. Nxd4 a6 5. Nc3 Qc7 6. g3 Bb4 7. Nde2 Nf6 8.
Bg2 Be7 9. O-O d6 10. h3 Nc6 11. g4 h6 12. Ng3 b5 13. Nce2 g5 14. c3 Bb7 15. a4
bxa4 16. Qxa4 Nd7 17. Nh5 Nce5 18. f4 gxf4 19. Nexf4 Rg8 20. Kh1 Qc4 21. Qxc4
Nxc4 22. Nd3 Bg5 23. b3 Nd2 24. Bxd2 Bxd2 25. c4 Ke7 26. Ra2 Be3 27. Ng3 Nc5
28. Nxc5 Bxc5 29. Nh5 Bc6 30. Nf4 Rgb8 31. Rb1 a5 32. Nd3 Bd4 33. b4 axb4 34.
Nxb4 Rxb4 0-1

[Event "Sevilla op"]
[Site "Sevilla ESP"]
[Date "2000.??.??"]
[Round "4"]
[White "Spraggett, Kevin"]
[Black "Garcia Luque, Agustin"]
[Result "1-0"]
[WhiteElo "2529"]
[BlackElo "2333"]
[PlyCount "107"]
[EventDate "2000.??.??"]
[EventType "swiss"]
[EventRounds "9"]
[EventCountry "ESP"]
[Source "ChessBase"]
[SourceDate "2000.11.22"]

1. d4 Nf6 2. Nf3 g6 3. Nc3 d5 4. Bf4 Bg7 5. e3 O-O 6. Be2 c5 7. Ne5 cxd4 8.
exd4 Be6 9. O-O Nfd7 10. Bf3 Nxe5 11. dxe5 Nc6 12. Bxd5 Bxd5 13. Qxd5 Qb6 14.
Rab1 Rad8 15. Qe4 Rd4 16. Qe3 Rfd8 17. Rfe1 Nb4 18. Rbc1 Qe6 19. Ne2 R4d7 20.
a3 Nc6 21. Nc3 Nd4 22. h3 Qf5 23. Qe4 Qh5 24. Bg3 Bh6 25. Bf4 Bg7 26. Bg3 Bh6
27. f4 Ne6 28. Rf1 Rd4 29. Qxb7 Nxf4 30. Qxe7 Bf8 31. Qxa7 Qxe5 32. Kh2 Qg5 33.
Qb7 R8d7 34. Qf3 Nh5 35. Bb8 Qd8 36. Be5 Rd2 37. Ne4 Qe7 38. Nf6+ Nxf6 39. Qxf6
Qxf6 40. Bxf6 Bd6+ 41. Kh1 Bg3 42. Bc3 Re2 43. Rcd1 Rxd1 44. Rxd1 f5 45. a4
Rxc2 46. a5 Bf2 47. a6 Re2 48. Bd4 Bxd4 49. Rxd4 Re1+ 50. Kh2 Ra1 51. Rd6 Kg7
52. b4 Kh6 53. b5 Ra3 54. Rd8 1-0

[Event "Sevilla op"]
[Site "Sevilla ESP"]
[Date "2000.??.??"]
[Round "5"]
[White "Epishin, Vladimir"]
[Black "Spraggett, Kevin"]
[Result "1-0"]
[WhiteElo "2667"]
[BlackElo "2529"]
[PlyCount "81"]
[EventDate "2000.??.??"]
[EventType "swiss"]
[EventRounds "9"]
[EventCountry "ESP"]
[Source "ChessBase"]
[SourceDate "2000.11.22"]

1. Nf3 d5 2. d4 Nf6 3. c4 e6 4. Nc3 Be7 5. Bf4 O-O 6. e3 c5 7. dxc5 Bxc5 8. a3
Nc6 9. b4 Be7 10. cxd5 exd5 11. Be2 Be6 12. Nd4 a5 13. Nxc6 bxc6 14. b5 c5 15.
O-O Rc8 16. Na4 Ne4 17. b6 Qd7 18. Bf3 Qb7 19. Rb1 c4 20. Bxe4 dxe4 21. Qc1
Rfd8 22. Bc7 Rd3 23. Nc3 h6 24. Rd1 Rxc7 25. bxc7 Qxc7 26. Nxe4 Bxa3 27. Qc2
Rxd1+ 28. Rxd1 Be7 29. Nc3 Qe5 30. Ne2 g5 31. Nd4 Bd5 32. e4 Qxe4 33. Qxe4 Bxe4
34. Re1 f5 35. Nxf5 Bxf5 36. Rxe7 c3 37. Rc7 c2 38. Kf1 a4 39. Ke1 a3 40. Kd2
a2 41. Ra7 1-0

[Event "Sevilla op"]
[Site "Sevilla ESP"]
[Date "2000.??.??"]
[Round "7"]
[White "Jimenez Morales, Francisco"]
[Black "Spraggett, Kevin"]
[Result "0-1"]
[WhiteElo "2259"]
[BlackElo "2529"]
[PlyCount "96"]
[EventDate "2000.??.??"]
[EventType "swiss"]
[EventRounds "9"]
[EventCountry "ESP"]
[Source "ChessBase"]
[SourceDate "2000.11.22"]

1. e4 c5 2. Nf3 e6 3. d4 cxd4 4. Nxd4 a6 5. Be2 Nf6 6. Nc3 Qc7 7. a3 d6 8. O-O
Be7 9. Kh1 O-O 10. f4 Nc6 11. Bf3 Bd7 12. Nb3 Rad8 13. Qe1 b5 14. Be3 Rb8 15.
Qf2 Bc8 16. Rfd1 Nd7 17. Ne2 Nb6 18. Ned4 Bd7 19. Nxc6 Bxc6 20. Bd4 Rfe8 21.
Qg3 Bf8 22. e5 Nc4 23. exd6 Nxd6 24. Be5 f6 25. Bxc6 Qxc6 26. Bc3 Rbc8 27. Nd2
Nf5 28. Qf3 Qxf3 29. Nxf3 Ne3 30. Rd3 Nd5 31. g3 Nxc3 32. bxc3 Rc4 33. Nd2 Ra4
34. Nb1 e5 35. f5 e4 36. Re3 Rd8 37. Re1 h5 38. Kg2 Rd5 39. Rf1 e3 40. Kf3
Rxf5+ 41. Ke2 Rxf1 42. Kxf1 h4 43. Ke2 Bc5 44. Kf3 g5 45. Ra2 f5 46. Ke2 hxg3
47. hxg3 Rg4 48. Kf3 Rxg3+ 0-1

[Event "Sevilla op"]
[Site "Sevilla ESP"]
[Date "2000.??.??"]
[Round "8"]
[White "Spraggett, Kevin"]
[Black "Campora, Daniel"]
[Result "1-0"]
[WhiteElo "2529"]
[BlackElo "2534"]
[PlyCount "87"]
[EventDate "2000.??.??"]
[EventType "swiss"]
[EventRounds "9"]
[EventCountry "ESP"]
[Source "ChessBase"]
[SourceDate "2000.11.22"]

1. d4 Nf6 2. c4 e6 3. Nf3 d5 4. Nc3 Be7 5. Bf4 O-O 6. e3 c5 7. dxc5 Bxc5 8.
cxd5 Nxd5 9. Nxd5 exd5 10. a3 Nc6 11. Bd3 Qe7 12. O-O Bg4 13. b4 Bb6 14. h3
Bxf3 15. Qxf3 Rad8 16. Qg3 f6 17. Rad1 Kh8 18. h4 Ne5 19. Bb1 Rd7 20. Bf5 Rdd8
21. h5 Nc4 22. Rd3 Nd6 23. Bxd6 Rxd6 24. Rfd1 Rfd8 25. Qg4 Qe5 26. g3 d4 27.
exd4 Bxd4 28. Kg2 b5 29. R3d2 Qd5+ 30. Kh2 Qc4 31. Bd3 Qf7 32. Bxb5 f5 33. Qf3
g5 34. hxg6 Qxg6 35. Kg2 Qf7 36. a4 Kg7 37. Rd3 Qe6 38. Bc6 Qc4 39. b5 Qxa4 40.
Qxf5 Qc4 41. Qg5+ Kh8 42. Qe7 a5 43. Rxd4 Rxd4 44. Be4 1-0

[Event "Sevilla op"]
[Site "Sevilla ESP"]
[Date "2000.??.??"]
[Round "9"]
[White "Oms Pallise, Josep"]
[Black "Spraggett, Kevin"]
[Result "1-0"]
[WhiteElo "2419"]
[BlackElo "2529"]
[PlyCount "83"]
[EventDate "2000.??.??"]
[EventType "swiss"]
[EventRounds "9"]
[EventCountry "ESP"]
[Source "ChessBase"]
[SourceDate "2000.11.22"]

1. d4 Nf6 2. c4 g6 3. Nc3 Bg7 4. e4 d6 5. Be2 O-O 6. Nf3 e5 7. O-O Nc6 8. d5
Ne7 9. Nd2 a5 10. Rb1 Nd7 11. a3 f5 12. b4 Kh8 13. Qc2 Nf6 14. f3 axb4 15. axb4
c6 16. Kh1 f4 17. Bb2 cxd5 18. cxd5 g5 19. Nb5 Ne8 20. Ra1 Rb8 21. Qa4 Ng6 22.
Qa5 b6 23. Qa7 Bd7 24. Rfc1 Rf7 25. Qa6 h5 26. Na7 Nc7 27. Qa2 Ne7 28. Nc6 Nxc6
29. dxc6 Be6 30. Bc4 d5 31. exd5 Nxd5 32. Ne4 b5 33. Nxg5 bxc4 34. Nxe6 Qe7 35.
Nxg7 Rxg7 36. Qxc4 Qg5 37. Qe2 Ne3 38. Rc5 Rxb4 39. Bxe5 Kh7 40. c7 Rg8 41.
Qd3+ Nf5 42. Rg1 1-0

[Event "Boavista Masters"]
[Site "Porto POR"]
[Date "1999.12.31"]
[Round "5"]
[White "Rocha, Sergio"]
[Black "Spraggett, Kevin"]
[Result "1/2-1/2"]
[WhiteElo "2427"]
[BlackElo "2521"]
[PlyCount "80"]
[EventDate "1999.12.27"]
[EventType "tourn"]
[EventRounds "9"]
[EventCountry "POR"]

1. e4 c5 2. c3 e6 3. d4 d5 4. e5 Nc6 5. Nf3 Qb6 6. a3 Nh6 7. b4 cxd4 8. cxd4
Nf5 9. Bb2 Bd7 10. g4 Nfe7 11. Rg1 h5 12. h3 hxg4 13. hxg4 Rc8 14. Nc3 Na5 15.
Na4 Qc6 16. Nc5 Nc4 17. Qb3 b6 18. Nxd7 Qxd7 19. Bc1 Ng6 20. Bd3 Nh4 21. Nxh4
Rxh4 22. Bg5 Rh3 23. Ke2 Qb5 24. Rh1 Rxh1 25. Rxh1 a5 26. Rh8 axb4 27. Bd2 Kd7
28. Bxb4 Bxb4 29. Rxc8 Kxc8 30. Qxb4 Qxb4 31. axb4 b5 32. f4 Kd7 33. f5 f6 34.
Bxc4 dxc4 35. d5 exd5 36. e6+ Ke7 37. Ke3 c3 38. Kd3 d4 39. Kc2 g5 40. Kd3 Kd6
1/2-1/2

[Event "ESP-Tch Div 1"]
[Site "Cala Galdana ESP"]
[Date "1999.11.09"]
[Round "2"]
[White "Spraggett, Kevin"]
[Black "Movsziszian, Karen"]
[Result "1/2-1/2"]
[WhiteElo "2521"]
[BlackElo "2501"]
[PlyCount "95"]
[EventDate "1999.11.08"]
[EventType "team"]
[EventRounds "9"]
[EventCountry "ESP"]

1. e4 g6 2. d4 Bg7 3. Nf3 d6 4. c3 Nf6 5. Bd3 O-O 6. O-O c5 7. Re1 Bg4 8. Nbd2
cxd4 9. cxd4 Nc6 10. h3 Bxf3 11. Nxf3 Rc8 12. Be3 d5 13. e5 Ne4 14. h4 f5 15.
h5 gxh5 16. Bxe4 fxe4 17. Ng5 Qe8 18. Ne6 Rf5 19. Qb3 Qf7 20. Qxd5 Kh8 21. Rac1
Rg8 22. Nc7 Qxd5 23. Nxd5 Rd8 24. Nc7 Kg8 25. Ne6 Rd5 26. Rc4 h6 27. Bc1 Kf7
28. Nxg7 Kxg7 29. Rxe4 e6 30. Be3 Rf7 31. Rh4 Kg6 32. g4 hxg4 33. Rxh6+ Kf5 34.
Kg2 Ke4 35. Rg6 Ra5 36. Rxg4+ Kd5 37. Rc1 b6 38. a3 Rb5 39. b4 a5 40. Rg8 axb4
41. Rc8 Ne7 42. Rd8+ Ke4 43. axb4 Rxb4 44. Re1 Rg7+ 45. Kf1 Kd3 46. Rd1+ Ke4
47. Re1 Kd3 48. Rd1+ 1/2-1/2

[Event "ESP-Tch Div 1"]
[Site "Cala Galdana ESP"]
[Date "1999.11.15"]
[Round "8"]
[White "Giorgadze, Giorgi"]
[Black "Spraggett, Kevin"]
[Result "1/2-1/2"]
[WhiteElo "2602"]
[BlackElo "2521"]
[PlyCount "45"]
[EventDate "1999.11.08"]
[EventType "team"]
[EventRounds "9"]
[EventCountry "ESP"]

1. d4 Nf6 2. c4 c6 3. Nc3 d5 4. e3 a6 5. Nf3 b5 6. b3 Bg4 7. Be2 e6 8. O-O Nbd7
9. Bb2 Be7 10. h3 Bh5 11. Ne5 Bxe2 12. Nxe2 Nxe5 13. dxe5 Nd7 14. Rc1 Qb6 15.
Qc2 dxc4 16. bxc4 c5 17. Rfd1 Ra7 18. Ng3 O-O 19. Ne4 Rd8 20. Qe2 Raa8 21. Qh5
Qc6 22. Nd6 Rf8 23. Rc2 1/2-1/2

[Event "ESP-Tch Div 1"]
[Site "Cala Galdana ESP"]
[Date "1999.11.16"]
[Round "9"]
[White "Spraggett, Kevin"]
[Black "Korneev, Oleg"]
[Result "1/2-1/2"]
[WhiteElo "2521"]
[BlackElo "2615"]
[PlyCount "20"]
[EventDate "1999.11.08"]
[EventType "team"]
[EventRounds "9"]
[EventCountry "ESP"]

1. c4 e5 2. g3 Nf6 3. Nc3 Nc6 4. Bg2 Bc5 5. a3 a6 6. e3 O-O 7. Nge2 d6 8. d3
Ba7 9. h3 Ne7 10. O-O c6 1/2-1/2

[Event "San Sebastian op"]
[Site "San Sebastian ESP"]
[Date "1999.??.??"]
[Round "?"]
[White "Pastor Pons, Pedro"]
[Black "Spraggett, Kevin"]
[Result "0-1"]
[WhiteElo "2195"]
[BlackElo "2523"]
[PlyCount "84"]
[EventDate "1999.03.27"]
[EventType "swiss"]
[EventRounds "9"]
[EventCountry "ESP"]
[Source "ChessBase"]
[SourceDate "2001.11.25"]

1. e4 c5 2. Nf3 e6 3. d4 cxd4 4. Nxd4 a6 5. c4 Nf6 6. Nc3 Qc7 7. Bd3 Nc6 8.
Nxc6 dxc6 9. Bg5 Bc5 10. Qf3 Nd7 11. O-O Bd4 12. Kh1 Nc5 13. Bc2 e5 14. Rad1
Ne6 15. Bc1 h5 16. Ne2 Qe7 17. Qd3 h4 18. f4 Bb6 19. f5 Ng5 20. b4 f6 21. c5
Bc7 22. Bb3 Bd7 23. Bxg5 fxg5 24. Nc3 O-O-O 25. Qe2 Kb8 26. a4 Bc8 27. a5 Rd4
28. Bc4 g4 29. Na4 g3 30. h3 Rhd8 31. Nb2 Qg5 32. Qg4 Qxg4 33. hxg4 Rxe4 34. g5
Rxd1 35. Rxd1 Bxf5 36. Bd3 Rxb4 37. Bxf5 Rxb2 38. g6 Rf2 39. Be4 Bxa5 40. Kg1
Bb4 41. Rc1 a5 42. Bf3 h3 0-1

[Event "San Sebastian op"]
[Site "San Sebastian ESP"]
[Date "1999.??.??"]
[Round "?"]
[White "San Segundo Carrillo, Pablo"]
[Black "Spraggett, Kevin"]
[Result "1/2-1/2"]
[WhiteElo "2483"]
[BlackElo "2523"]
[PlyCount "102"]
[EventDate "1999.03.27"]
[EventType "swiss"]
[EventRounds "9"]
[EventCountry "ESP"]
[Source "ChessBase"]
[SourceDate "2001.11.25"]

1. d4 f5 2. g3 Nf6 3. Bg2 e6 4. c4 d5 5. Nf3 Be7 6. O-O O-O 7. b3 Ne4 8. Ba3
Bxa3 9. Nxa3 Qe7 10. Qc1 c6 11. Nc2 Bd7 12. Qa3 Qxa3 13. Nxa3 Be8 14. Ne5 Nd7
15. Nd3 g5 16. f3 Nef6 17. Nb1 Bg6 18. Nc3 Rfe8 19. f4 gxf4 20. gxf4 Kf7 21.
Ne5+ Ke7 22. h3 Bh5 23. Kf2 Rg8 24. Rg1 a6 25. Bh1 Rad8 26. Rab1 Rxg1 27. Rxg1
Kf8 28. c5 Nxe5 29. fxe5 Ng8 30. Rg5 Be8 31. Bf3 Ne7 32. e3 Rb8 33. Rg1 Ng6 34.
Ne2 b5 35. cxb6 Rxb6 36. Rc1 a5 37. Nf4 Nxf4 38. exf4 a4 39. Bd1 axb3 40. Bxb3
Bd7 41. Ke3 Rb4 42. Rc3 Ke7 43. a3 Rb8 44. Bd1 Rb1 45. Kd2 Ra1 46. Rg3 Ra2+ 47.
Bc2 Ra1 48. Rg7+ Kd8 49. a4 Rf1 50. Ke3 Re1+ 51. Kd2 Rf1 1/2-1/2

[Event "San Sebastian op"]
[Site "San Sebastian ESP"]
[Date "1999.??.??"]
[Round "?"]
[White "Spraggett, Kevin"]
[Black "Herraiz Lopez, Herminio"]
[Result "1/2-1/2"]
[WhiteElo "2523"]
[BlackElo "2394"]
[PlyCount "35"]
[EventDate "1999.03.27"]
[EventType "swiss"]
[EventRounds "9"]
[EventCountry "ESP"]
[Source "ChessBase"]
[SourceDate "2001.11.25"]

1. e4 e6 2. d3 d5 3. Qe2 Nf6 4. Nf3 Be7 5. g3 c5 6. Bg2 Nc6 7. O-O h6 8. Re1 b5
9. Nbd2 b4 10. exd5 exd5 11. a3 bxa3 12. Rxa3 O-O 13. c3 Re8 14. Ra1 Bf8 15.
Qd1 Rxe1+ 16. Nxe1 Qb6 17. Qb3 Bb7 18. Qxb6 1/2-1/2

[Event "San Sebastian op"]
[Site "San Sebastian ESP"]
[Date "1999.??.??"]
[Round "?"]
[White "Spraggett, Kevin"]
[Black "Olaizola Ortega, Luis"]
[Result "1-0"]
[WhiteElo "2523"]
[BlackElo "2278"]
[PlyCount "41"]
[EventDate "1999.03.27"]
[EventType "swiss"]
[EventRounds "9"]
[EventCountry "ESP"]
[Source "ChessBase"]
[SourceDate "2001.11.25"]

1. Nf3 Nf6 2. g3 g6 3. b3 Bg7 4. Bb2 O-O 5. c4 d6 6. Bg2 c6 7. d3 Nbd7 8. Nc3
e5 9. O-O Re8 10. Qc2 h6 11. b4 Nf8 12. e3 N6h7 13. b5 Bd7 14. bxc6 bxc6 15.
Ne4 Re6 16. c5 d5 17. Nd6 f5 18. e4 fxe4 19. dxe4 d4 20. Qc4 Kh8 21. Nf7+ 1-0

[Event "San Sebastian op"]
[Site "San Sebastian ESP"]
[Date "1999.??.??"]
[Round "?"]
[White "Stefanova, Antoaneta"]
[Black "Spraggett, Kevin"]
[Result "0-1"]
[WhiteElo "2452"]
[BlackElo "2523"]
[PlyCount "70"]
[EventDate "1999.03.27"]
[EventType "swiss"]
[EventRounds "9"]
[EventCountry "ESP"]
[Source "ChessBase"]
[SourceDate "2001.11.25"]

1. d4 f5 2. Nc3 Nf6 3. Bg5 d5 4. Qd2 e6 5. g4 fxg4 6. e4 Be7 7. e5 Nh5 8. Be3
c5 9. Be2 cxd4 10. Qxd4 Nc6 11. Qxg4 g6 12. Nf3 Qa5 13. O-O-O Bd7 14. Kb1 a6
15. Ng5 Nxe5 16. Qh3 Ng7 17. Bd4 Bxg5 18. Bxe5 O-O 19. Nxd5 Rad8 20. Qg3 exd5
21. Qxg5 Bf5 22. Qh6 Rd7 23. Bd4 Rc8 24. Bd3 Bxd3 25. Rxd3 Nf5 26. Qh3 Re8 27.
Rhd1 Qb5 28. a3 Re4 29. Bc3 d4 30. Bd2 Qc4 31. Qf3 Qe6 32. Bb4 h5 33. Rg1 Kh7
34. Qh3 b6 35. Bd2 a5 0-1

[Event "San Sebastian op"]
[Site "San Sebastian ESP"]
[Date "1999.??.??"]
[Round "?"]
[White "Vehi Bach, Victor"]
[Black "Spraggett, Kevin"]
[Result "1/2-1/2"]
[WhiteElo "2391"]
[BlackElo "2523"]
[PlyCount "65"]
[EventDate "1999.03.27"]
[EventType "swiss"]
[EventRounds "9"]
[EventCountry "ESP"]
[Source "ChessBase"]
[SourceDate "2001.11.25"]

1. e4 c5 2. Nf3 e6 3. d4 cxd4 4. Nxd4 a6 5. Bd3 Nf6 6. O-O Qc7 7. Qe2 d6 8. c4
Be7 9. Nc3 O-O 10. f4 Nbd7 11. Kh1 b6 12. Bd2 Re8 13. Rae1 Bb7 14. Rf3 Rad8 15.
Rh3 g6 16. Nf3 Bf8 17. Ng5 Bg7 18. e5 dxe5 19. fxe5 Qxe5 20. Qxe5 Nxe5 21. Rxe5
h6 22. Nxf7 Kxf7 23. Re1 g5 24. Bc1 Ng4 25. Rf1+ Kg8 26. Rg3 Be5 27. Rxg4 Rxd3
28. Re1 Rf8 29. Ne4 Bf4 30. Bxf4 Rxf4 31. Rxf4 gxf4 32. Kg1 Kf7 33. c5 1/2-1/2

[Event "Sevilla op"]
[Site "Sevilla ESP"]
[Date "1999.??.??"]
[Round "2"]
[White "Barrera Martinez, Francisco"]
[Black "Spraggett, Kevin"]
[Result "0-1"]
[WhiteElo "2160"]
[BlackElo "2560"]
[PlyCount "58"]
[EventDate "1999.??.??"]
[EventType "swiss"]
[EventRounds "9"]
[EventCountry "ESP"]
[Source "ChessBase"]
[SourceDate "1999.11.18"]

1. e4 c5 2. Nc3 e6 3. Nge2 a6 4. d4 cxd4 5. Nxd4 Qc7 6. g3 Bb4 7. Nde2 Nf6 8.
Bg2 Be7 9. O-O O-O 10. a4 Nc6 11. h3 d6 12. Kh2 b6 13. Be3 Bb7 14. Qd2 Ne5 15.
Rad1 Nc4 16. Qc1 Rfd8 17. Bf4 Rac8 18. g4 Qb8 19. Bg3 b5 20. axb5 axb5 21. b3
b4 22. bxc4 bxc3 23. e5 dxe5 24. Bxb7 Qxb7 25. Bxe5 Ne4 26. Nxc3 Ng5 27. Rxd8+
Rxd8 28. f4 Nf3+ 29. Kg3 Bh4+ 0-1

[Event "Sevilla op"]
[Site "Sevilla ESP"]
[Date "1999.??.??"]
[Round "3"]
[White "Spraggett, Kevin"]
[Black "Teran Alvarez, Ismael"]
[Result "1-0"]
[WhiteElo "2560"]
[BlackElo "2305"]
[PlyCount "73"]
[EventDate "1999.??.??"]
[EventType "swiss"]
[EventRounds "9"]
[EventCountry "ESP"]
[Source "ChessBase"]
[SourceDate "1999.11.18"]

1. e4 c5 2. Nf3 e6 3. d3 Nc6 4. g3 d5 5. Qe2 Nf6 6. Bg2 Be7 7. O-O O-O 8. e5
Nd7 9. c4 Nb6 10. Nbd2 a5 11. Rd1 a4 12. Nf1 f6 13. exf6 Bxf6 14. a3 Nd4 15.
Nxd4 Bxd4 16. Be3 e5 17. Bxd4 exd4 18. cxd5 Nxd5 19. Re1 Nf6 20. Qc2 Qd6 21.
Rac1 Ra5 22. Nd2 Be6 23. Nc4 Bxc4 24. Qxc4+ Kh8 25. Re6 Qd7 26. Rb6 Ng4 27.
Rxb7 Qf5 28. Rf1 Ne5 29. Qd5 c4 30. Qxd4 cxd3 31. f4 Nf7 32. Rd1 Rd8 33. Qb6
Rc8 34. Rxf7 Qh5 35. Rxd3 Rd5 36. Rxd5 Rc1+ 37. Bf1 1-0